[Event "DSM WK M 2009"]
[Site "Karlsruhe GER"]
[Date "2009.05.16"]
[Round "2"]
[White "Steffens, Skrolan"]
[Black "Klinger, Jacquelin"]
[Result "1/2-1/2"]
[Termination "normal"]
[Board "1.1"]
[WhiteElo "1195"]
[BlackElo "1329"]
[WhiteTeam "Athenaeum Stade"]
[BlackTeam "Märkische Schule Wattenscheid"]
[PlyCount "72"]
[EventCountry "GER"]
[EventRounds "7"]
[EventType "team-swiss"]
[EventDate "2009.05.15"]

1. e4 c5 2. Nc3 e6 3. g3 Nc6 4. Bg2 Be7 5. d3 Nf6 6. Be3 d5 7. f4 d4 8. Bd2
dxc3 9. Bxc3 O-O 10. Nf3 Ng4 11. Qe2 Rb8 12. h3 Nf6 13. O-O b5 14. Rad1 b4 15.
Bd2 Nd7 16. Be3 e5 17. f5 Nd4 18. Qf2 Nxf3+ 19. Qxf3 Qc7 20. Qg4 Nf6 21. Qh4
Nd5 22. Bg5 Ne3 23. Bxe7 Nxf1 24. Rxf1 Re8 25. Bg5 f6 26. Be3 Ba6 27. Bf3 c4
28. Rc1 cxd3 29. cxd3 Qd7 30. Bd1 Rec8 31. Bb3+ Kf8 32. Bc5+ Rxc5 33. Rxc5 Qxd3
34. Qh5 Qd2 35. Kh1 Qe1+ 36. Kg2 Qd2+ 1/2-1/2

[Event "DSM WK M 2009"]
[Site "Karlsruhe GER"]
[Date "2009.05.16"]
[Round "2"]
[White "Rohm, Marlena"]
[Black "Lange, Anika"]
[Result "1-0"]
[Termination "normal"]
[Board "1.2"]
[WhiteElo "1466"]
[BlackElo "1221"]
[WhiteTeam "Märkische Schule Wattenscheid"]
[BlackTeam "Athenaeum Stade"]
[PlyCount "99"]
[WhiteFideId "12931632"]
[BlackFideId "24693405"]
[EventCountry "GER"]
[EventRounds "7"]
[EventType "team-swiss"]
[EventDate "2009.05.15"]

1. d4 d5 2. c4 e6 3. Nc3 Nf6 4. Bg5 Be7 5. e3 O-O 6. Nf3 b6 7. b3 Bb7 8. Bd3
Nbd7 9. O-O h6 10. Bf4 c5 11. cxd5 exd5 12. Qd2 Rc8 13. dxc5 Nxc5 14. Bf5 Nfe4
15. Nxe4 Nxe4 16. Qd4 Bf6 17. Ne5 Bxe5 18. Bxe5 Ra8 19. Bxg7 Re8 20. Bxh6 Qf6
21. Qxf6 Nxf6 22. Rac1 Re5 23. g4 Ba6 24. Rfd1 Be2 25. Rd4 Bf3 26. Bf4 Ree8 27.
Rc6 Kg7 28. Bh6+ Kxh6 29. Rxf6+ Kg7 30. g5 Re5 31. Rf4 Be4 32. Bxe4 Rxe4 33.
Rxf7+ Kg6 34. h4 Rxf4 35. Rxf4 Rd8 36. Kg2 a5 37. Rf6+ Kh5 38. Rxb6 Rf8 39. Kg3
Rh8 40. f4 Rh7 41. a3 Rh8 42. b4 axb4 43. axb4 Rh7 44. Rc6 Rh8 45. b5 Rh7 46.
b6 Rh8 47. b7 d4 48. exd4 Rh7 49. b8=Q Rh8 50. Qxh8# 1-0

[Event "DSM WK M 2009"]
[Site "Karlsruhe GER"]
[Date "2009.05.16"]
[Round "2"]
[White "Wilkens, Samantha"]
[Black "Berger, Melanie"]
[Result "0-1"]
[Termination "normal"]
[Board "1.3"]
[WhiteElo "1006"]
[BlackElo "1395"]
[WhiteTeam "Athenaeum Stade"]
[BlackTeam "Märkische Schule Wattenscheid"]
[PlyCount "90"]
[EventCountry "GER"]
[EventRounds "7"]
[EventType "team-swiss"]
[EventDate "2009.05.15"]

1. d4 d5 2. Nf3 Nf6 3. Nc3 Bf5 4. Bf4 e6 5. e3 Nbd7 6. Be2 Be7 7. O-O O-O 8.
Ne5 Nxe5 9. Bxe5 Bd6 10. Bxd6 Qxd6 11. Nb5 Qe7 12. a4 a6 13. Nc3 c5 14. dxc5
Qxc5 15. Qd2 Ne4 16. Nxe4 Bxe4 17. b4 Qxc2 18. Qe1 Bd3 19. Bxd3 Qxd3 20. g3
Rfc8 21. Rc1 Qb3 22. a5 Rxc1 23. Qxc1 Qxb4 24. Qa1 Rc8 25. h4 h6 26. f4 Rc5 27.
Rc1 Rxc1+ 28. Qxc1 Qc4 29. Qa1 Qc6 30. g4 b6 31. axb6 Qxb6 32. h5 Qxe3+ 33. Kg2
Qd2+ 34. Kg3 a5 35. Qa4 Qe3+ 36. Kg2 Qe4+ 37. Kg3 Qxa4 38. g5 hxg5 39. fxg5 Qe4
40. g6 fxg6 41. hxg6 Qxg6+ 42. Kf3 Qe4+ 43. Kf2 Qc2+ 44. Ke1 a4 45. Kf1 a3 0-1

[Event "DSM WK M 2009"]
[Site "Karlsruhe GER"]
[Date "2009.05.16"]
[Round "2"]
[White "Müller, Laura Margarita"]
[Black "Lienau, Marei"]
[Result "1-0"]
[Termination "normal"]
[Board "1.4"]
[WhiteElo "1432"]
[BlackElo "959"]
[WhiteTeam "Märkische Schule Wattenscheid"]
[BlackTeam "Athenaeum Stade"]
[PlyCount "129"]
[WhiteFideId "12917923"]
[EventCountry "GER"]
[EventRounds "7"]
[EventType "team-swiss"]
[EventDate "2009.05.15"]

1. d4 Nf6 2. c4 g6 3. Nf3 Bg7 4. Bf4 O-O 5. e3 d6 6. Be2 Nbd7 7. Nc3 b6 8. O-O
Bb7 9. Qc2 Nh5 10. Bg3 Nxg3 11. fxg3 c5 12. d5 e6 13. e4 exd5 14. exd5 Qe7 15.
Rae1 Qe3+ 16. Kh1 Bxc3 17. Qxc3 Qxc3 18. bxc3 a6 19. a4 b5 20. Rb1 Ra7 21. axb5
axb5 22. Rxb5 Re8 23. Rb2 Ra4 24. Re1 Ba6 25. Kg1 Bxc4 26. Bxc4 Rxe1+ 27. Nxe1
Rxc4 28. Rc2 Nf6 29. Rd2 Rxc3 30. Kf1 Rc4 31. Ke2 Rc3 32. Nf3 Kg7 33. Ng5 h5
34. Nf3 Kh6 35. h4 Ng4 36. Kf1 Re3 37. Rb2 Rd3 38. Rd2 Nh2+ 39. Kf2 Rxd2+ 40.
Nxd2 Ng4+ 41. Ke2 g5 42. Ne4 gxh4 43. gxh4 Kg6 44. Nxd6 Nf6 45. Kd3 Nd7 46. Kc4
f5 47. Nb7 f4 48. Nxc5 Nxc5 49. Kxc5 Kf5 50. Kc6 Ke5 51. d6 Ke4 52. d7 Ke3 53.
d8=Q Kf2 54. Qd2+ Kg3 55. Kd5 Kg4 56. Qf2 Kf5 57. Kd4 Kg4 58. Ke4 f3 59. Qxf3+
Kxh4 60. Qf8 Kg3 61. Qf4+ Kxg2 62. Ke3 Kh3 63. Qg5 Kh2 64. Kf2 Kh3 65. Qg3# 1-0

[Event "DSM WK M 2009"]
[Site "Karlsruhe GER"]
[Date "2009.05.16"]
[Round "2"]
[White "Berger, Nadja"]
[Black "Bajorski, Maria Sophie"]
[Result "1/2-1/2"]
[Termination "normal"]
[Board "2.1"]
[WhiteElo "1579"]
[BlackElo "1270"]
[WhiteTeam "Friedrich-Dessauer-Gymnasium Aschaffenburg"]
[BlackTeam "Marienschule Limburg"]
[PlyCount "45"]
[WhiteFideId "24692212"]
[BlackFideId "24654531"]
[EventCountry "GER"]
[EventRounds "7"]
[EventType "team-swiss"]
[EventDate "2009.05.15"]

1. e4 e5 2. Nf3 Nc6 3. Bb5 a6 4. Bxc6 dxc6 5. d4 exd4 6. Qxd4 Qf6 7. Bg5 Qxd4
8. Nxd4 h6 9. Be3 Bd7 10. f3 O-O-O 11. Kf2 g5 12. Nd2 Bg7 13. c3 Ne7 14. Rhd1
Ng6 15. Nc4 c5 16. Nb3 Be6 17. Ncd2 b6 18. a3 Ne5 19. Nc1 Rd7 20. Ke2 Rhd8 21.
b3 Kb7 22. c4 Kc6 23. Bf2 1/2-1/2

[Event "DSM WK M 2009"]
[Site "Karlsruhe GER"]
[Date "2009.05.16"]
[Round "2"]
[White "Liez, Franziska"]
[Black "Stolcz, Bianca"]
[Result "1/2-1/2"]
[Termination "normal"]
[Board "2.2"]
[WhiteElo "1117"]
[BlackElo "1435"]
[WhiteTeam "Marienschule Limburg"]
[BlackTeam "Friedrich-Dessauer-Gymnasium Aschaffenburg"]
[PlyCount "89"]
[WhiteFideId "1271766"]
[BlackFideId "24654914"]
[EventCountry "GER"]
[EventRounds "7"]
[EventType "team-swiss"]
[EventDate "2009.05.15"]

1. e4 c5 2. Nf3 d6 3. Nc3 Nc6 4. Bc4 e6 5. d3 Nf6 6. Bg5 Be7 7. O-O O-O 8. Re1
a6 9. a3 b5 10. Bb3 h6 11. Bh4 Bb7 12. d4 Qc7 13. d5 exd5 14. Nxd5 Nxd5 15.
exd5 Bxh4 16. dxc6 Bxf2+ 17. Kxf2 Bxc6 18. Bd5 Rfe8 19. Rxe8+ Rxe8 20. c4 bxc4
21. Bxc4 Bb5 22. Bxb5 axb5 23. Rc1 Qb6 24. Qd5 Re6 25. Kf1 Qa6 26. Kg1 g5 27.
h3 Qa4 28. Rf1 Qc2 29. b4 Re2 30. Qxd6 Rxg2+ 31. Kh1 Qe2 32. Qd1 c4 33. Qxe2
Rxe2 34. Nd4 Re5 35. Rc1 f5 36. Kg2 f4 37. Kf3 h5 38. Nc2 Kf7 39. Ra1 Rd5 40.
Ke4 Ke6 41. Nd4+ Kd6 42. Nf5+ Ke6 43. Nd4+ Kd6 44. Nf5+ Ke6 45. Nd4+ 1/2-1/2

[Event "DSM WK M 2009"]
[Site "Karlsruhe GER"]
[Date "2009.05.16"]
[Round "2"]
[White "Schnepper, Pauline"]
[Black "Liez, Tatjana"]
[Result "1-0"]
[Termination "normal"]
[Board "2.3"]
[WhiteElo "1237"]
[BlackElo "885"]
[WhiteTeam "Friedrich-Dessauer-Gymnasium Aschaffenburg"]
[BlackTeam "Marienschule Limburg"]
[PlyCount "85"]
[WhiteFideId "12918040"]
[BlackFideId "1271769"]
[EventCountry "GER"]
[EventRounds "7"]
[EventType "team-swiss"]
[EventDate "2009.05.15"]

1. e4 e5 2. Nf3 Nc6 3. d4 d6 4. dxe5 dxe5 5. Qxd8+ Kxd8 6. Nc3 Nf6 7. Ng5 Ke8
8. Bc4 Nd8 9. O-O Bd6 10. h3 Ke7 11. Rd1 h6 12. Nf3 Nc6 13. a3 Re8 14. Bd5 Bd7
15. b4 a6 16. Bb2 Kf8 17. Rd2 Nxd5 18. Nxd5 Rac8 19. Nxc7 Rxc7 20. Rxd6 Bc8 21.
Rad1 Rce7 22. c4 f6 23. Nh4 Kf7 24. b5 axb5 25. cxb5 Na7 26. a4 g5 27. Nf3 h5
28. Kh2 g4 29. Ne1 gxh3 30. gxh3 Be6 31. R1d3 Kg7 32. Rd8 Kf7 33. Ba3 Rxd8 34.
Rxd8 Rc7 35. b6 Rc3 36. bxa7 Rxa3 37. a8=Q Rxh3+ 38. Kg2 Rb3 39. Rf8+ Kg7 40.
Qe8 Bc4 41. Qe7+ Kg6 42. Qxf6+ Kh7 43. Rh8# 1-0

[Event "DSM WK M 2009"]
[Site "Karlsruhe GER"]
[Date "2009.05.16"]
[Round "2"]
[White "Heinz, Michelle"]
[Black "Schwind, Clara"]
[Result "0-1"]
[Termination "normal"]
[Board "2.4"]
[WhiteElo "800"]
[BlackElo "1018"]
[WhiteTeam "Marienschule Limburg"]
[BlackTeam "Friedrich-Dessauer-Gymnasium Aschaffenburg"]
[PlyCount "102"]
[WhiteFideId "1271782"]
[BlackFideId "12964581"]
[EventCountry "GER"]
[EventRounds "7"]
[EventType "team-swiss"]
[EventDate "2009.05.15"]

1. e4 c5 2. Nf3 Nc6 3. Nc3 g6 4. Bc4 Nf6 5. O-O Bg7 6. d3 O-O 7. Bg5 e6 8. e5
h6 9. exf6 Bxf6 10. Bxh6 Re8 11. Re1 d5 12. Bb5 a6 13. Bxc6 bxc6 14. d4 cxd4
15. Nxd4 c5 16. Nc6 Qc7 17. Qf3 Bh8 18. Re3 Qxc6 19. Rd1 Bb7 20. Qf4 d4 21. Rf3
Qd7 22. Ne4 Bxe4 23. Qxe4 Rab8 24. b3 Rb6 25. c3 e5 26. Qh4 f6 27. Rg3 Qe6 28.
Qh5 f5 29. Qf3 e4 30. Qe2 dxc3 31. h4 c4 32. Qxc4 Qxc4 33. bxc4 Kh7 34. Be3 c2
35. Rd7+ Kg8 36. Bc1 Rb1 37. Rxg6+ Kf8 38. c5 Rxc1+ 39. Kh2 Rh1+ 40. Kxh1 c1=Q+
41. Kh2 Be5+ 42. g3 Qxc5 43. Rd2 e3 44. Re2 exf2 45. Kg2 Qd5+ 46. Kxf2 Bd4+ 47.
Ke1 Rxe2+ 48. Kxe2 Qe4+ 49. Kd1 Qd3+ 50. Ke1 f4 51. gxf4 Qxg6 0-1

[Event "DSM WK M 2009"]
[Site "Karlsruhe GER"]
[Date "2009.05.16"]
[Round "2"]
[White "Raab, Helen"]
[Black "Kickert, Germaine Helene"]
[Result "1/2-1/2"]
[Termination "normal"]
[Board "3.1"]
[WhiteElo "1587"]
[BlackElo "1926"]
[WhiteTeam "Otto-Schott-Gymnasium Mainz-Gonsenheim"]
[BlackTeam "Mariengymnasium Jever"]
[PlyCount "100"]
[WhiteFideId "24653608"]
[BlackFideId "24614890"]
[EventCountry "GER"]
[EventRounds "7"]
[EventType "team-swiss"]
[EventDate "2009.05.15"]

1. e4 c5 2. Nf3 Nc6 3. d4 cxd4 4. Nxd4 g6 5. Nc3 Bg7 6. Be3 Nf6 7. Be2 O-O 8.
Qd2 d5 9. exd5 Nxd5 10. Nxd5 Qxd5 11. Bf3 Qd7 12. Rd1 Nxd4 13. Bxd4 Qe6+ 14.
Qe2 Qxa2 15. Bxg7 Kxg7 16. Qe5+ Kg8 17. O-O Qe6 18. Rfe1 Qxe5 19. Rxe5 Re8 20.
Rb5 Rb8 21. Ra1 a6 22. Rxa6 Bg4 23. Ra3 Bxf3 24. Rxf3 Red8 25. g3 Kf8 26. Rfb3
Rd7 27. c4 Ke8 28. c5 Rc7 29. Rc3 Kd7 30. Rb6 Rc6 31. Rd3+ Kc7 32. Rb5 Ra8 33.
f4 Re6 34. Kf2 Re4 35. Re3 Rxe3 36. Kxe3 Ra6 37. Rb3 Kc6 38. Rc3 Ra2 39. Rb3
Ra7 40. Rc3 Ra2 41. Rc2 Kd5 42. Kd3 Ra4 43. Re2 Rd4+ 44. Kc3 Rc4+ 45. Kb3 Rxc5
46. Rxe7 Rb5+ 47. Kc3 Rc5+ 48. Kd3 Kc6 49. Rxf7 h5 50. h4 Rb5 1/2-1/2

[Event "DSM WK M 2009"]
[Site "Karlsruhe GER"]
[Date "2009.05.16"]
[Round "2"]
[White "Siewert, Jessica"]
[Black "Efinger, Leila"]
[Result "1-0"]
[Termination "normal"]
[Board "3.2"]
[WhiteElo "905"]
[BlackElo "956"]
[WhiteTeam "Mariengymnasium Jever"]
[BlackTeam "Otto-Schott-Gymnasium Mainz-Gonsenheim"]
[PlyCount "115"]
[BlackFideId "12931705"]
[EventCountry "GER"]
[EventRounds "7"]
[EventType "team-swiss"]
[EventDate "2009.05.15"]

1. e4 c6 2. Nf3 d5 3. Nc3 Bg4 4. d3 e6 5. Bd2 Nd7 6. Qe2 Ne7 7. g3 Ng6 8. Bg2
Be7 9. d4 O-O 10. Qd3 Qb6 11. Na4 Qc7 12. O-O-O Rac8 13. Be3 c5 14. Qc3 dxe4
15. Ne5 Bxd1 16. Rxd1 Ndxe5 17. dxe5 Nxe5 18. Bxe4 Ng4 19. Bf4 e5 20. Bf5 exf4
21. Bxg4 Rcd8 22. Re1 Rfe8 23. Qf3 Bd6 24. Rd1 Re7 25. Nc3 Red7 26. Bxd7 Rxd7
27. Kb1 fxg3 28. fxg3 Be5 29. Re1 h6 30. Kc1 Bxc3 31. Qxc3 Re7 32. Rf1 Re2 33.
h4 Rg2 34. Rf3 Qd6 35. Qe3 b6 36. b3 Kf8 37. Qd3 Qxd3 38. Rxd3 Ke7 39. Kb2 Kf6
40. Rf3+ Ke5 41. Rxf7 Rxg3 42. Rxa7 Kd5 43. Rd7+ Kc6 44. Rf7 g5 45. Rf6+ Kc7
46. Rxh6 g4 47. Rg6 Rg2 48. a4 g3 49. h5 Rh2 50. Rxg3 Rxh5 51. Rd3 Kc6 52. Rc3
Rh7 53. b4 Ra7 54. Kb3 Rc7 55. bxc5 bxc5 56. Kc4 Kb6 57. Rb3+ Ka5 58. Ra3 1-0

[Event "DSM WK M 2009"]
[Site "Karlsruhe GER"]
[Date "2009.05.16"]
[Round "2"]
[White "Beck, Clara"]
[Black "Scherf, Anna-Maria"]
[Result "1/2-1/2"]
[Termination "normal"]
[Board "3.3"]
[WhiteElo "758"]
[BlackElo "800"]
[WhiteTeam "Otto-Schott-Gymnasium Mainz-Gonsenheim"]
[BlackTeam "Mariengymnasium Jever"]
[PlyCount "115"]
[EventCountry "GER"]
[EventRounds "7"]
[EventType "team-swiss"]
[EventDate "2009.05.15"]

1. e4 e5 2. Nf3 Nc6 3. Bb5 d6 4. d3 a6 5. Bxc6+ bxc6 6. Nc3 Nf6 7. O-O Bg4 8.
h3 Bxf3 9. Qxf3 Be7 10. Re1 O-O 11. Qg3 g6 12. Bh6 Re8 13. Rad1 Nh5 14. Qg4 Qc8
15. Qxc8 Raxc8 16. d4 Rb8 17. b3 Bf8 18. Bg5 Rb4 19. d5 Rd4 20. dxc6 Rxd1 21.
Rxd1 f6 22. Be3 f5 23. Bg5 fxe4 24. Nxe4 Re6 25. a4 Be7 26. c4 Bxg5 27. Nxg5
Rf6 28. Ne4 Rf5 29. b4 Rf4 30. f3 Nf6 31. Nxf6+ Rxf6 32. c5 dxc5 33. Rd8+ Kg7
34. Rd7+ Rf7 35. bxc5 Kf6 36. Kf2 Ke6 37. Rxf7 Kxf7 38. Ke3 Ke6 39. Ke4 a5 40.
g3 h6 41. f4 exf4 42. gxf4 h5 43. h4 Kf6 44. Kf3 Kf5 45. Kg3 Ke6 46. Kf3 Kd5
47. Ke3 Kxc5 48. Ke4 Kxc6 49. Ke5 Kb6 50. Kf6 c5 51. Kxg6 c4 52. f5 c3 53. f6
c2 54. f7 c1=Q 55. f8=Q Qc6+ 56. Qf6 Qxf6+ 57. Kxf6 Kc5 58. Kg5 1/2-1/2

[Event "DSM WK M 2009"]
[Site "Karlsruhe GER"]
[Date "2009.05.16"]
[Round "2"]
[White "Freesemann, Tanja"]
[Black "Woider, Stella"]
[Result "0-1"]
[Termination "normal"]
[Board "3.4"]
[WhiteElo "800"]
[BlackElo "762"]
[WhiteTeam "Mariengymnasium Jever"]
[BlackTeam "Otto-Schott-Gymnasium Mainz-Gonsenheim"]
[PlyCount "60"]
[EventCountry "GER"]
[EventRounds "7"]
[EventType "team-swiss"]
[EventDate "2009.05.15"]

1. e4 e5 2. Nf3 Nc6 3. Bb5 Nf6 4. Nc3 Bc5 5. O-O O-O 6. d3 d6 7. Be3 Bxe3 8.
fxe3 a6 9. Ba4 Bg4 10. h3 Bh5 11. g4 Bg6 12. d4 exd4 13. exd4 Nxe4 14. Qe1 Ng5
15. Kg2 h6 16. h4 Ne6 17. Ne2 d5 18. Bxc6 bxc6 19. Ne5 Be4+ 20. Kg3 Bxc2 21.
Rc1 Ba4 22. b3 Bb5 23. Nxc6 Qd6+ 24. Ne5 f6 25. Kh3 fxe5 26. Qg3 Bxe2 27. g5
Bxf1+ 28. Rxf1 h5 29. Qf3 Rxf3+ 30. Rxf3 Nxd4 0-1

[Event "DSM WK M 2009"]
[Site "Karlsruhe GER"]
[Date "2009.05.16"]
[Round "2"]
[White "Franzenburg, Maria"]
[Black "Moyrer, Maren"]
[Result "1-0"]
[Termination "normal"]
[Board "4.1"]
[WhiteElo "1668"]
[BlackElo "984"]
[WhiteTeam "Max-Planck-Schule Kiel"]
[BlackTeam "Schönborn-Gymnasium Bruchsal"]
[PlyCount "67"]
[WhiteFideId "24667102"]
[EventCountry "GER"]
[EventRounds "7"]
[EventType "team-swiss"]
[EventDate "2009.05.15"]

1. e4 e5 2. Nf3 Nc6 3. Bb5 a6 4. Bxc6 bxc6 5. O-O Nf6 6. Nxe5 Qe7 7. Nf3 Nxe4
8. Re1 d5 9. d3 Bg4 10. dxe4 dxe4 11. Qd4 c5 12. Qxe4 Qxe4 13. Rxe4+ Be6 14.
Nc3 Be7 15. Bf4 Bd6 16. Bxd6 cxd6 17. Ng5 Kd7 18. Nxe6 fxe6 19. Rd1 Rac8 20.
Na4 Rc6 21. f4 Rf8 22. c4 a5 23. Rde1 Rf6 24. g4 g5 25. f5 e5 26. Rd1 h6 27.
Rxe5 Kd8 28. Rxc5 Rxc5 29. Nxc5 Kc7 30. Ne6+ Kc6 31. Kf2 h5 32. h3 h4 33. Rd5
Rf7 34. Nd8+ 1-0

[Event "DSM WK M 2009"]
[Site "Karlsruhe GER"]
[Date "2009.05.16"]
[Round "2"]
[White "Brambach, Selina"]
[Black "Knof, Henrike"]
[Result "0-1"]
[Termination "normal"]
[Board "4.2"]
[WhiteElo "967"]
[BlackElo "1362"]
[WhiteTeam "Schönborn-Gymnasium Bruchsal"]
[BlackTeam "Max-Planck-Schule Kiel"]
[PlyCount "58"]
[EventCountry "GER"]
[EventRounds "7"]
[EventType "team-swiss"]
[EventDate "2009.05.15"]

1. e4 e5 2. Nf3 Nc6 3. d4 exd4 4. Nxd4 Bc5 5. Be3 Qf6 6. c3 Nge7 7. Qd2 h6 8.
Bc4 Ne5 9. Bb3 d6 10. Nb5 O-O 11. Bxc5 dxc5 12. Nxc7 Bh3 13. Nxa8 Bxg2 14. Rg1
Nf3+ 15. Ke2 Nxd2 16. Nxd2 Ng6 17. Rxg2 Nf4+ 18. Kf1 Nxg2 19. Kxg2 Qg5+ 20. Kf1
Qxd2 21. Rd1 Qxb2 22. Nc7 Qxc3 23. Nb5 Qh3+ 24. Ke1 Qxh2 25. Nxa7 Qh1+ 26. Kd2
Qxe4 27. Re1 Rd8+ 28. Kc3 Qxe1+ 29. Kc4 Qb4# 0-1

[Event "DSM WK M 2009"]
[Site "Karlsruhe GER"]
[Date "2009.05.16"]
[Round "2"]
[White "Schneckenburger, Johanna"]
[Black "Bürger, Nicoletta"]
[Result "0-1"]
[Termination "normal"]
[Board "4.3"]
[WhiteElo "822"]
[BlackElo "984"]
[WhiteTeam "Max-Planck-Schule Kiel"]
[BlackTeam "Schönborn-Gymnasium Bruchsal"]
[PlyCount "96"]
[EventCountry "GER"]
[EventRounds "7"]
[EventType "team-swiss"]
[EventDate "2009.05.15"]

1. e4 e6 2. d4 d5 3. Nc3 c5 4. Nf3 Nc6 5. e5 Qb6 6. Bb5 Bd7 7. O-O cxd4 8. Bxc6
Bxc6 9. Nxd4 Rc8 10. Be3 Qxb2 11. Nce2 Ba4 12. Qd2 Bxc2 13. Rfc1 Bb4 14. Rcb1
Qxb1+ 15. Rxb1 Bxd2 16. Rb2 Bxe3 17. Nxc2 Bb6 18. h3 Ne7 19. Nb4 Bc7 20. Rc2
Bxe5 21. Rd2 Nc6 22. Rc2 Ke7 23. Nd3 Nd4 24. Rd2 Nxe2+ 25. Rxe2 Bd6 26. f4 Rc3
27. Rd2 Rhc8 28. g3 Rc2 29. Rd1 h6 30. a4 g5 31. Rf1 R8c3 32. Rf3 gxf4 33. gxf4
Ra3 34. a5 Ra1+ 35. Rf1 Rxf1+ 36. Kxf1 d4 37. Nf2 Bxf4 38. Kg2 e5 39. Kf3 Ke6
40. Nd3 Kf5 41. Nf2 e4+ 42. Nxe4 d3 43. Nf2 d2 44. h4 Rc1 45. Ke2 Ke5 46. h5
Kd4 47. Nd1 Rxd1 48. Kxd1 Ke3 0-1

[Event "DSM WK M 2009"]
[Site "Karlsruhe GER"]
[Date "2009.05.16"]
[Round "2"]
[White "Bischoff, Marlene"]
[Black "Lentz, Christine"]
[Result "1-0"]
[Termination "normal"]
[Board "4.4"]
[WhiteElo "966"]
[BlackElo "800"]
[WhiteTeam "Schönborn-Gymnasium Bruchsal"]
[BlackTeam "Max-Planck-Schule Kiel"]
[PlyCount "50"]
[EventCountry "GER"]
[EventRounds "7"]
[EventType "team-swiss"]
[EventDate "2009.05.15"]

1. e4 e5 2. Nf3 Nc6 3. d4 Nf6 4. Nc3 Bb4 5. Bg5 d6 6. Qd3 Bxc3+ 7. Qxc3 Bg4 8.
h3 Bxf3 9. gxf3 O-O 10. d5 Nd4 11. f4 Nb5 12. Bxb5 h6 13. Bh4 exf4 14. Bxf6
gxf6 15. Rg1+ Kh7 16. O-O-O a6 17. Bd3 Qd7 18. Qxf6 Rg8 19. e5+ Rg6 20. Bxg6+
fxg6 21. Qxg6+ Kh8 22. Qxh6+ Qh7 23. Qxh7+ Kxh7 24. Rg4 Rf8 25. Rdg1 dxe5 1-0

[Event "DSM WK M 2009"]
[Site "Karlsruhe GER"]
[Date "2009.05.16"]
[Round "2"]
[White "Rolfs, Rebecca"]
[Black "Hillmer, Nicole"]
[Result "1-0"]
[Termination "normal"]
[Board "5.1"]
[WhiteElo "1107"]
[BlackElo "800"]
[WhiteTeam "Matthias-Claudius-Gymnasium Hamburg"]
[BlackTeam "Gymnasium Neureut"]
[PlyCount "53"]
[WhiteFideId "24658219"]
[EventCountry "GER"]
[EventRounds "7"]
[EventType "team-swiss"]
[EventDate "2009.05.15"]

1. e4 e5 2. Nf3 Nc6 3. Bc4 Bc5 4. Nc3 Nf6 5. d3 h6 6. Be3 Bb6 7. O-O d6 8. h3
Be6 9. Bb3 Qd7 10. Ba4 O-O 11. Nh2 Bxh3 12. gxh3 Qxh3 13. Qf3 Qh4 14. Bxc6 bxc6
15. Kh1 Rab8 16. b3 Bxe3 17. fxe3 Rb6 18. Rg1 Kh7 19. Rg3 Ra6 20. Rh3 Qg5 21.
Rg1 Ng4 22. Rxg4 Qe7 23. Qg3 Rg8 24. Rxh6+ gxh6 25. Rxg8 Qf6 26. Rc8 Ra5 27.
Qg8# 1-0

[Event "DSM WK M 2009"]
[Site "Karlsruhe GER"]
[Date "2009.05.16"]
[Round "2"]
[White "Schweiger, Yasmin"]
[Black "Thiebach, Janina"]
[Result "1/2-1/2"]
[Termination "normal"]
[Board "5.2"]
[WhiteElo "804"]
[BlackElo "800"]
[WhiteTeam "Gymnasium Neureut"]
[BlackTeam "Matthias-Claudius-Gymnasium Hamburg"]
[PlyCount "55"]
[BlackFideId "12909360"]
[EventCountry "GER"]
[EventRounds "7"]
[EventType "team-swiss"]
[EventDate "2009.05.15"]

1. d4 d5 2. c4 e6 3. Nc3 c6 4. Bf4 Nf6 5. e3 c5 6. Nf3 Nc6 7. Be2 Bd6 8. Bxd6
Qxd6 9. O-O e5 10. dxe5 Nxe5 11. cxd5 O-O 12. Nxe5 Qxe5 13. Rb1 Rd8 14. Bf3 b6
15. Re1 Bb7 16. e4 Rd6 17. Rc1 Rad8 18. b3 Ba6 19. a4 g6 20. Rc2 c4 21. b4 Bc8
22. Nb5 R6d7 23. Rxc4 Ba6 24. Rd4 Bxb5 25. axb5 Rc8 26. Rd3 Rd6 27. h3 Nh5 28.
Bg4 1/2-1/2

[Event "DSM WK M 2009"]
[Site "Karlsruhe GER"]
[Date "2009.05.16"]
[Round "2"]
[White "Kiemele, Nicole"]
[Black "Rottler, Corinna"]
[Result "1-0"]
[Termination "normal"]
[Board "5.3"]
[WhiteElo "796"]
[BlackElo "800"]
[WhiteTeam "Matthias-Claudius-Gymnasium Hamburg"]
[BlackTeam "Gymnasium Neureut"]
[PlyCount "59"]
[EventCountry "GER"]
[EventRounds "7"]
[EventType "team-swiss"]
[EventDate "2009.05.15"]

1. e4 c5 2. Bc4 Nf6 3. Nc3 g6 4. e5 Ng4 5. Qxg4 Bg7 6. Qf4 O-O 7. Nf3 d6 8.
exd6 exd6 9. O-O Re8 10. Bxf7+ Kh8 11. Bxe8 Qxe8 12. Qh4 Nd7 13. Ng5 h5 14.
Nce4 Nf6 15. Nxd6 Qc6 16. d3 Qxd6 17. Nf7+ Kg8 18. Nxd6 Bd7 19. Qg5 Bf5 20.
Nxf5 gxf5 21. Qxf5 Re8 22. Bg5 Rf8 23. Qg6 b6 24. Bh6 Rf7 25. Rae1 Kh8 26. Qxf7
Bxh6 27. Qxf6+ Bg7 28. Re8+ Kh7 29. Qg5 Bh6 30. Qg8# 1-0

[Event "DSM WK M 2009"]
[Site "Karlsruhe GER"]
[Date "2009.05.16"]
[Round "2"]
[White "Schweiger, Lauralie"]
[Black "Hölzer, Jeanette"]
[Result "0-1"]
[Termination "normal"]
[Board "5.4"]
[WhiteElo "964"]
[BlackElo "800"]
[WhiteTeam "Gymnasium Neureut"]
[BlackTeam "Matthias-Claudius-Gymnasium Hamburg"]
[PlyCount "74"]
[BlackFideId "12917982"]
[EventCountry "GER"]
[EventRounds "7"]
[EventType "team-swiss"]
[EventDate "2009.05.15"]

1. d4 Nf6 2. c4 e6 3. Nc3 d5 4. Bg5 Be7 5. e3 h6 6. Bh4 Nbd7 7. Nf3 Ne4 8. Nb5
O-O 9. Bd3 Bxh4 10. Bxe4 dxe4 11. Nxh4 Qxh4 12. Nxc7 Rb8 13. Qc2 Nf6 14. O-O-O
Rd8 15. g3 Qg5 16. h4 Qa5 17. Nb5 Qxa2 18. Na3 Qa1+ 19. Kd2 Qa2 20. Ra1 Qxa1
21. Rxa1 a6 22. c5 b6 23. cxb6 Rxb6 24. Nc4 Rc6 25. Qa4 Bb7 26. b3 Ng4 27. f4
exf3 28. Qa5 Rd5 29. Qb4 Rc7 30. Qb6 Rcd7 31. Na5 Rb5 32. Qa7 Nh2 33. Ke1 Bc8
34. Qa8 Rd8 35. Nc4 Rxb3 36. Ra3 Rb1+ 37. Kf2 Rf1# 0-1

[Event "DSM WK M 2009"]
[Site "Karlsruhe GER"]
[Date "2009.05.16"]
[Round "2"]
[White "Kinzel, Tiffany"]
[Black "Kohm, Vanessa"]
[Result "0-1"]
[Termination "normal"]
[Board "6.1"]
[WhiteElo "1765"]
[BlackElo "1732"]
[WhiteTeam "Staatliches Gymnasium Arnstadt"]
[BlackTeam "Gymnasium Kenzingen"]
[PlyCount "80"]
[WhiteFideId "4633741"]
[BlackFideId "4674472"]
[EventCountry "GER"]
[EventRounds "7"]
[EventType "team-swiss"]
[EventDate "2009.05.15"]

1. Nc3 Nf6 2. e4 e5 3. f4 d6 4. Nf3 exf4 5. d4 Bg4 6. Bxf4 Be7 7. Be2 Nbd7 8.
O-O O-O 9. Qe1 Bh5 10. Rd1 Bg6 11. Bc4 Kh8 12. Bc1 Nb6 13. Bb3 Nfd7 14. e5 h6
15. Kh1 c6 16. exd6 Bxd6 17. Ne5 Bxe5 18. dxe5 Qe7 19. e6 fxe6 20. Qg3 Bh5 21.
Rxf8+ Rxf8 22. Re1 e5 23. Ne4 Nd5 24. h3 N7f6 25. Nxf6 Qxf6 26. Be3 b6 27. Bg1
Re8 28. Qd3 Qe7 29. Rf1 Nf6 30. Qc4 Qd6 31. Bh2 Nd5 32. Qh4 Bg6 33. Re1 Qf6 34.
Qa4 Re7 35. Rd1 Bf7 36. Qe4 Bg6 37. Qa4 Ne3 38. Rd8+ Re8 39. Rd7 Qf1+ 40. Bg1
Qxg2# 0-1